Các biện pháp điều khiển sinh trưởng, phát triển, ra hoa, kết quả cây ăn trái
Guardat en:
| Autor principal: | |
|---|---|
| Format: | Llibre |
| Idioma: | Undetermined |
| Publicat: |
Hà Nội
Nông nghiệp
2007
|
| Matèries: | |
| Etiquetes: |
Afegir etiqueta
Sense etiquetes, Sigues el primer a etiquetar aquest registre!
|
| Thư viện lưu trữ: | Trung tâm Học liệu Trường Đại học Cần Thơ |
|---|
| LEADER | 00617nam a2200205Ia 4500 | ||
|---|---|---|---|
| 001 | CTU_129497 | ||
| 008 | 210402s9999 xx 000 0 und d | ||
| 020 | |c 13600 | ||
| 082 | |a 634 | ||
| 082 | |b C454 | ||
| 100 | |a Phạm, Văn Côn | ||
| 245 | 0 | |a Các biện pháp điều khiển sinh trưởng, phát triển, ra hoa, kết quả cây ăn trái | |
| 245 | 0 | |c Phạm Văn Côn | |
| 260 | |a Hà Nội | ||
| 260 | |b Nông nghiệp | ||
| 260 | |c 2007 | ||
| 650 | |a Fruit trees | ||
| 650 | |x Planting | ||
| 904 | |i Tuyến | ||
| 980 | |a Trung tâm Học liệu Trường Đại học Cần Thơ | ||